|
|
แสดงรายละเอียดบรรณานุกรม |
|
|
Brief Record
: Get Marc (ISO 2709)
: E-mail record
: |
| LEADER 00000nama 2200000uu 4500 | |||
| 001 179107 | |||
| 003 ULIBM | |||
| 008 040531s2544 th m m a000 0 tha d | |||
| 020 974-277-942-2 | |||
| 041 tha | |||
| 050 WD308 ม686ร | |||
| 100 มูลนิธิรักษ์ไทย | |||
| 245 รายงานการศึกษาวิจัยเพื่อพัฒนาตัวชี้วัดความเป็นอยู่ที่ดีของผู้ติดเชื้อ เอส ไอ วี เอดส์ 400 | |||
| 250 1 | |||
| 260 กรุงเทพฯ มูลนิธิฯ 2544 | |||
| 300 68 หน้า | |||
| 650 เอดส์ - วิจัย | |||
| 998 2003-04-30 | |||
| คุณยังไม่ได้ล็อกอิน คุณสามารถมีกิจกรรมร่วมกับเว็บไซต์ได้ แต่ต้องล็อกอินก่อน :: |
|
| สถานะ | |||||||||
| 1. | หนังสือทั่วไป | WD308 ม686ร 2544 | On Shelf ขอยืม | ||||||
| [แสดง 1/1 รายการ] | |||||||||
| รายการใกล้เคียง หัวเรื่อง [เอดส์ - วิจัย]
|
BibComment |
| คอมเมนท์ทรัพยากรรายการนี้ |
|
|